|
|
|
|
| LEADER |
00000naa a2200000 a 4500 |
| 001 |
vtls011847661 |
| 003 |
SK-MaSNL |
| 005 |
20260302133700.0 |
| 008 |
210910|1999 xo |||||||||||||||||slo| |
| 015 |
|
|
|a SNBCL
|
| 035 |
|
|
|a (urnnbn)urn:nbn:sk:snk:ar-008rtv
|
| 035 |
|
|
|a urn:nbn:sk:snk-aaw3gd
|
| 035 |
|
|
|a (uuid)65709729-8061-48d8-b54e-b67d30f16ee7
|
| 040 |
|
|
|a SNKBUCL
|b slo
|c SNKBUCL
|e AACR2
|
| 041 |
|
|
|a slo
|
| 044 |
|
|
|a xo
|c SK
|
| 100 |
1 |
|
|a Kuba, Michal
|4 aut
|9 776923
|
| 245 |
1 |
0 |
|a MPEG 2: ŠTANDARD PRE KOMPRESIU AUDIOSIGNÁLOV
|c Michal Kuba, Roman Jarina
|
| 336 |
|
|
|a text
|b txt
|c rdacontent
|
| 337 |
|
|
|a bez média
|b n
|c rdamedia
|
| 338 |
|
|
|a zväzok
|b nc
|c rdacarrier
|
| 655 |
|
7 |
|a články zo zborníkov
|2 snkbucl
|9 166140
|
| 700 |
1 |
|
|a Jarina, Roman
|4 aut
|9 425606
|
| 773 |
0 |
|
|t Digitálna televízia
|d V Žiline : Žilinská univerzita, 1999
|g S. 42-46
|z 8071005967
|
| 958 |
|
|
|a OND
|
| 958 |
|
|
|a article26
|
| 958 |
|
|
|a chapter
|
| 999 |
|
|
|c 1318113
|d 1320043
|